000 03128nam a2200649 4500
001 22370
003 VRT
005 20260326154914.0
006 r c tn
008 210924s2021 xo a c 000 jdslo
015 _aSNBA2022/07
020 _a9788056623404
_q(viazané)
039 9 _a202407021130
_bAUTHORITY
_c202406101338
_dAUTHORITY
_c202207060949
_dmsnk159
_c202111111102
_dmsnk134
040 _aZKSE
_bslo
_cZKSE
_dSNK
_erda
041 1 _aslo
_hger
044 _axo
_cSK
072 7 _a821.112.2-3
_xNemecká próza, nemecky písaná
_2konspekt
072 7 _a821-93
_xLiteratúra pre deti a mládež (beletria)
_2konspekt
080 _a821.112.2(436)-32
_22011
080 _a(0:82-322.4)
_22011
080 _a82-93-053.4/.5
_22011
100 1 _aBrezina, Thomas,
_d1963-
_4aut
240 1 0 _aEin Fall für dich und das Tiger-Team: Das unheimliche Foto
_lSlovensky
245 1 0 _aPrípad pre teba a Tigrí tím
_pZáhada strašidelného domu
_cThomas C. Brezina ; ilustrovala Naomi Fearnová ; z nemeckého originálu Ein Fall für dich und das Tiger-Team: Das unheimliche Foto ... preložila Katarína Šmidtová
246 3 0 _aZáhada strašidelného domu
250 _a2. vydanie
264 1 _aBratislava
_bFragment
_c2021
300 _a134 strán
_bilustrácie
_c19 cm
_e1 plastová lupa
336 _atext
_btxt
_2rdacontent
336 _astatický obraz
_bsti
_2rdacontent
336 _atrojrozmerná forma
_btdf
_2rdacontent
337 _abez média
_bn
_2rdamedia
338 _azväzok
_bnc
_2rdacarrier
338 _aobjekt
_bnr
_2rdacarrier
490 1 _aTigrí tím
500 _aVydalo vydavateľstvo Fragment v spoločnosti Albatros Media Slovakia, s.r.o.
500 _aObsahuje stručné biografické údaje o autorovi
521 8 _aPre čitateľov od 9 rokov
655 7 _arakúske príbehy
_2SNKPH
655 7 _adetektívne príbehy
_2SNKPH
655 7 _aliteratúra pre deti
_2SNKPH
655 7 _aAustrian stories
_2SNKPHeng
655 7 _aAdventure stories
_2SNKPHeng
655 7 _aChildren’s literature
_2SNKPHeng
700 1 _aFearn, Naomi,
_d1976-
_4ill
700 1 _aŠmidtová, Katarína
_4trl
710 2 _aAlbatros Media Slovakia.
_bFragment
_4pbl
830 0 _aTigrí tím
942 _2ddc
_cKLDE
_n0
949 _617A1468816
_asnkSD 90331
_bsnk2021/17927
_o1768/2021
_qDokument obsahuje prílohu: 1 plastovú lupu
_rDokument obsahuje prílohu: 1 plastovú lupu
_s6100:20221103
949 _617A1468817
_asnkSD 90331/príl.
_bsnk2021/17927
_o1768/2021
_pPríl.: 1 plastová lupa
_s6100:20221103
949 _617A1468818
_asnkSD 90331 D1
_bsnk2021/17928
_o1768/2021
_qDokument obsahuje prílohu: 1 plastovú lupu
_rDokument obsahuje prílohu: 1 plastovú lupu
949 _617A1468819
_asnkSD 90331/príl. D1
_bsnk2021/17928
_o1768/2021
_pPríl.: 1 plastová lupa
949 _6273K0669483
_asvkpoA 249496
_bsvkpo660395
_q+ príl.: 1 x lupa
_r+ príl.: 1 x lupa
949 _6270001000647001
_91 voľ. príl. (plastová lupa)
_asvkbbA 163378
_bsvkbbm 796993
949 _62889374537
_asavukM 123074
_bsavuk2022/547
_qSkontrolovať vrátenie 1 plastovej lupy.
_rObsahuje 1 vloženú plastovú lupu.
999 _c22370
_d22370